000
00361nam a2200169Ia 4500
100
_a
Foot/Christopher J
650
_a
Atomic Physics
942
_c
RB
366
_f
20
654
_a
atomic physics
245
_a
Atomic Physics
260
_b
Ane Books India
_a
Mumbai
_c
2008
082
_a
547.2/FOO
_b
FOO
300
_a
210
546
_a
ENGLISH
999
_c
29667
_d
29667